00592nam a2200145 a 450000100100000000500170001000800410002704000250006824501030009326000370019630000290023350400420026271000980030471000440040200003906320250607073643.0130517s1996 dr a 000 0 spa d aDO-SdBNPbspacBNPHU03aLa situación de salud de República Dominicana 1996 /cOrganización Panamericana de la Salud. aSanto Domingo :bSESPAS ,c1996. a1 v. p. :bil. ;c24 cm. aIncluye notas al pie de las páginas1 aRepública Dominicana. b Secretaria de Estado de Salud Pública y Asistencia Social (2001)1 aOrganización Panamericana de la Salud